000 01186nam a2200361 c 4500
999 _c48986
_d48986
001 48986
003 ES-MaCES
005 20170313104025.0
008 170307s2016 sp |||| 000 | spa d
017 _aB 26337-2016
_bDL
020 _a9788416652419
040 _aES-MaCES
_bspa
_cES-MaCES
100 1 _96981
_aBallester Pastor, Inmaculada
245 1 0 _aTrabajo y protección social del autónomo
_b: un estudio sobre su precariedad
_cInmaculada Ballester Pastor
260 _aBarcelona
_bAtelier
_c[2016]
300 _a174 p.
_c24 cm
490 1 _aAtelier laboral
541 _cCompra
650 4 _atrabajo a cuenta propia
_930170
650 4 _atrabajador independiente
_928412
650 4 _aempleo a tiempo parcial
_926772
650 4 _atrabajador a tiempo parcial
_929815
650 4 _aseguridad social
_927034
650 4 _aempleo precario
_930171
650 4 _alegislación de seguridad social
_929855
650 4 _aderecho del trabajo
_927165
650 4 _aEspaña
_926964
650 4 _arégimen jurídico
_929894
653 1 0 _aDerecho del trabajo y Seguridad Social
830 0 _aAtelier laboral
_934123
902 _aLIB Libro
942 _2CES
_cBK
_h6.0.1.